judicial

Derecho procesal familia: (Registro nro. 6521)

Detalles MARC
000 -LEADER
fixed length control field 01374nam a22004457a 4500
003 - CONTROL NUMBER IDENTIFIER
control field OSt
005 - DATE AND TIME OF LATEST TRANSACTION
control field 20260407122858.0
007 - PHYSICAL DESCRIPTION FIXED FIELD--GENERAL INFORMATION
fixed length control field ta
008 - FIXED-LENGTH DATA ELEMENTS--GENERAL INFORMATION
fixed length control field 260407s2025 ag ||||| |||| 00| 0 spa d
020 ## - INTERNATIONAL STANDARD BOOK NUMBER
International Standard Book Number 9786313200276
040 ## - CATALOGING SOURCE
Transcribing agency cj catamarca
082 ## - DEWEY DECIMAL CLASSIFICATION NUMBER
Classification number 347.61 G897 II
100 10 - MAIN ENTRY--PERSONAL NAME
9 (RLIN) 1
Personal name Guahnon, Silvia V.
245 10 - TITLE STATEMENT
Title Derecho procesal familia:
Remainder of title Procesos de familia concordados con los ordenamientos provinciales
250 ## - EDITION STATEMENT
Edition statement 1º ed.
260 ## - PUBLICATION, DISTRIBUTION, ETC.
Place of publication, distribution, etc. Buenos Aires:
Name of publisher, distributor, etc. Hammurabi,
Date of publication, distribution, etc. 2025
300 ## - PHYSICAL DESCRIPTION
Extent V.2, 830 p.
Dimensions 23 cm
500 ## - GENERAL NOTE
General note INVENTARIO Nº 8144
650 #7 - SUBJECT ADDED ENTRY--TOPICAL TERM
Source of heading or term SAIJ
653 ## - INDEX TERM--UNCONTROLLED
Uncontrolled term DERECHO PROCESAL CIVIL
653 ## - INDEX TERM--UNCONTROLLED
Uncontrolled term PROCESOS DE FAMILIA
653 ## - INDEX TERM--UNCONTROLLED
Uncontrolled term ALIMENTOS-EJECUCION
653 ## - INDEX TERM--UNCONTROLLED
Uncontrolled term ALIMENTOS-CESE
653 ## - INDEX TERM--UNCONTROLLED
Uncontrolled term DIVORCIO
653 ## - INDEX TERM--UNCONTROLLED
Uncontrolled term COMPENSACION ECONOMICA
653 ## - INDEX TERM--UNCONTROLLED
Uncontrolled term REGIMEN PATRIMONIAL-LIQUIDACION
653 ## - INDEX TERM--UNCONTROLLED
Uncontrolled term REGIMEN PATRIMONIAL-VIOLENCIA DE GENERO
653 ## - INDEX TERM--UNCONTROLLED
Uncontrolled term VIOLENCIA FAMILIAR Y DE GENERO
653 ## - INDEX TERM--UNCONTROLLED
Uncontrolled term VIOLENCIA-PAREJA
653 ## - INDEX TERM--UNCONTROLLED
Uncontrolled term VIOLENCIA-PROTECCION
653 ## - INDEX TERM--UNCONTROLLED
Uncontrolled term CAPACIDAD JURIDICA
653 ## - INDEX TERM--UNCONTROLLED
Uncontrolled term PERSONAS-INTERNACION
653 ## - INDEX TERM--UNCONTROLLED
Uncontrolled term UNIONES CONVIVENCIALES
653 ## - INDEX TERM--UNCONTROLLED
Uncontrolled term RESTITUCION INTERNACIONAL-NNA
653 ## - INDEX TERM--UNCONTROLLED
Uncontrolled term NOMBRE
653 ## - INDEX TERM--UNCONTROLLED
Uncontrolled term SALUD MENTAL
700 #0 - ADDED ENTRY--PERSONAL NAME
9 (RLIN) 3
Personal name Seltzer, Martin E.
Relator term dir.
856 ## - ELECTRONIC LOCATION AND ACCESS
Uniform Resource Identifier <a href="https://drive.google.com/file/d/14QD7ev9xk2rs59U_vcV59A9RZL9LKB5o/view?usp=sharing">https://drive.google.com/file/d/14QD7ev9xk2rs59U_vcV59A9RZL9LKB5o/view?usp=sharing</a>
942 ## - ADDED ENTRY ELEMENTS (KOHA)
Source of classification or shelving scheme Dewey Decimal Classification
Koha item type Book
Suppress in OPAC No
Existencias
Withdrawn status Lost status Source of classification or shelving scheme Damaged status Not for loan Home library Current library Date acquired Source of acquisition Total Checkouts Full call number Barcode Date last seen Price effective from Koha item type
    Dewey Decimal Classification     PJCB PJCB 04/07/2026 Compra   347.61 G897 II 8144 04/07/2026 04/07/2026 Book
-->
  •  poder judicial

    Con tecnología Koha